00982nam a2200265 a 450000100060000000300080000600500170001400800410003103500210007204000350009304100080012808200250013610000560016124500620021726000360027930000270031550000200034265000290036265100390039165100560043065100560048694200120054299900170055495201450057164745BD-RJUL20211209081338.0170220s1931 enk 001 0 eng d a(BD-RJUL) 64875) aBD-RJULcBD-RJULdBD-RJULbeng aeng 223a940.27bMOH 19311 aMowat, R. B.q(Robert Balmain),d1883-1941.919194912aA history of European diplomacy, 1914-1925 /cR.B. Mowat. aLondon :bEdward Arnold,c1931. aviii, 343 p. ;c23 cm. aIncludes Index. 0aFrancexHistory.9191950 0aEuropexForeign relations.9172546 0aEuropexPolitics and governmenty1815-1871.9191951 0aEuropexPolitics and governmenty1871-1918.9191663 2ddccBK c64745d64745 00102ddc40718NFICaRUCLbRUCLcReadingd1955-09-20eB.H.Blackwell.g165.00l0o940.27 MOH 1931r2017-02-20 00:00:00tC-1w2017-02-20yBK